Cities in Sichuan - Statistics

General Stats
  • This quiz has been taken 32 times
  • The average score is 13 of 21
Answer Stats
Population City % Correct
6,320,000 Chengdu
100%
680,000 Leshan
80%
530,000 Deyang
75%
410,000 Guangyuan
75%
350,000 Meishan
75%
970,000 Mianyang
75%
380,000 Ziyang
75%
740,000 Luzhou
70%
890,000 Nanchong
70%
480,000 Bazhong
65%
380,000 Dazhou
65%
550,000 Suining
65%
260,000 Ya'an
65%
550,000 Yibin
65%
670,000 Zigong
65%
320,000 Guang'an
60%
590,000 Neijiang
55%
630,000 Panzhihua
55%
470,000 Liangshan
30%
30,000 Garzê
15%
30,000 Ngawa
10%
No matching quizzes found
Score Distribution
Percent of People with Each Score
Percentile by Number Answered
Your Score History
You have not taken this quiz